DAYS OF CHIVALRY: BRITAIN IN EUROPE 55 B.C.-A,D, 1485 (Record no. 57900)

000 -LEADER
fixed length control field 00439nam a22001577a 4500
003 - CONTROL NUMBER IDENTIFIER
control field MPLRDC
005 - DATE AND TIME OF LATEST TRANSACTION
control field 20220104170332.0
008 - FIXED-LENGTH DATA ELEMENTS--GENERAL INFORMATION
fixed length control field 210129b ||||| |||| 00| 0 eng d
082 ## - DEWEY DECIMAL CLASSIFICATION NUMBER
Classification number 741.23 TIC v.1
100 ## - MAIN ENTRY--PERSONAL NAME
Personal name F. W. TICKNER
245 ## - TITLE STATEMENT
Title DAYS OF CHIVALRY: BRITAIN IN EUROPE 55 B.C.-A,D, 1485
Statement of responsibility, etc.
260 ## - PUBLICATION, DISTRIBUTION, ETC.
Place of publication, distribution, etc.
Name of publisher, distributor, etc. UNIVERSITY OF LONDON PRESS LTD
Date of publication, distribution, etc. 1947
300 ## - PHYSICAL DESCRIPTION
Other physical details
650 ## - SUBJECT ADDED ENTRY--TOPICAL TERM
Topical term or geographic name entry element 英国断代史--中世
942 ## - ADDED ENTRY ELEMENTS (KOHA)
Koha item type Book
-- 741.23 TIC v.1
Holdings
Withdrawn status Lost status Source of classification or shelving scheme Damaged status Not for loan Collection code Home library Current library Shelving location Date acquired Cost, normal purchase price Total Checkouts Full call number Barcode Date last seen Date last checked out Price effective from Koha item type Public note
            Malaysian Public Library, Research and Development Centre Malaysian Public Library, Research and Development Centre   10/12/2007 0.00   741.23 TIC v.1 E0002400 18/03/2021 03/02/2012 18/03/2021 Book mplrdc

© 2022. Malaysian Public Library, Research and Development Centre. All Right ReservedE-mailmplrdc@help.edu.my 

Powered by Koha